000 01734nam a2200277 a 4500
001 ASIN8175968958
003 OSt
005 20170105102909.0
008 131025s2012 xxu eng d
020 _a8175968958 (paperback)
_c$55.00
020 _a9788175968950 (paperback)
040 _aa
050 0 4 _aDS740.5.I5
082 0 4 _a327.51054
_bRIS 2012
245 1 4 _aThe rise of china :
_bimplications for india /
_cHarsh V. Pant.
260 _a[S.l.] :
_bCambridge University Press India Pvt. Ltd.,
_c2012.
300 _a270 p. ;
_c23 cm.
520 _aThe rise of China as an emerging power and as the most likely challenger to the global preponderance of the US is already having a significant impact across the globe. This phenomenon is being debated and analysed at various levels. In India too, it is generating a lot of excitement. On the one hand, it is considered to be an opportunity and on the other, a challenge. This book is an attempt at exploring the multi-dimensional nature of the rise of China and its implications for India. The contributors in this volume have examined various aspects of China's rise such as domestic developments, foreign policy agenda, and its position on issues related to India from an Indian perspective. The book will appeal to undergraduate and graduate students of International Relations across the world. Foreign policy experts, and anyone interested in China-India relations should also find the book to be of interest.
650 0 _aChina
650 0 _aIndia
650 0 _aInternational relations
650 0 _aPolitical science
700 1 _aPant, Harsh V.
856 4 0 _3Amazon.com
_uhttp://www.amazon.com/exec/obidos/ASIN/8175968958/chopaconline-20
942 _2ddc
_cBK
999 _c15039
_d15039